| 000 | 00912nam a2200301 a 4500 | ||
|---|---|---|---|
| 008 | |||
| 020 | _a9781118471050 (paperback) | ||
| 040 |
_aNUST _cNUST |
||
| 049 | _aMAIN | ||
| 090 |
_aRC900 _bKAI |
||
| 100 | 1 | _aKaisary, Amir V. | |
| 245 | 1 | 0 |
_aUrology : _blecture notes / _cAmir V. Kaisary, Andrew Ballaro and Katharine Pigott. |
| 250 | _aSeventh edition. | ||
| 260 |
_aWest Sussex : _bWiley , _c2016. |
||
| 300 |
_avii, 335 pages : _billustrated ; _c24 cm. |
||
| 336 |
_atext _btxt _2rdacontent |
||
| 337 |
_acomputer _bn _2rdamedia |
||
| 338 |
_aonline resource _bnc _2rdacarrier |
||
| 500 | _aIncludes index. | ||
| 650 | 0 | _aUrology. | |
| 650 | 0 |
_aGenitourinary organs _xDiseases. |
|
| 700 | _aAndrew Ballaro | ||
| 700 | _aKatherine Pigott | ||
| 907 |
_a.b10397942 _b01-08-19 _c24-06-19 |
||
| 003 | |||
| 005 | 20230120204243.0 | ||
| 942 |
_cBOOKS _kRC900 _mKAI |
||
| 999 |
_c119900 _d119900 |
||